00317nam a2200133Ia 4500008004100000041000800041082001700049100002300066245002000089250001400109260002900123300002400152365000700176240624s9999 xx 000 0 und d aeng a658.4013 BES aBESTERFIELD DALE H aQUALITY CONTROL a(7th ed.) c2011aNew DelhibPearson a532 : p. : cm. ; 24 cRS